00647nam a2200193Ia 4500008004100000020001800041082001800059100002000077245008200097250000700179260003500186300002300221500001900244600001500263650001500278942000700293952013600300999001700436240925s9999 xx 000 0 und d a9789386105110 a658.00952 SHI aShimizu, Shigeo 0aJapanese-Style Management: from crises to reformation in the age of abenomics aNA aNew Delhi:bViva Booksc,2017. a519p.b0fOriginal aIncludes Index aManagement aManagement cBK 001040708MANaUITUbUITUd2019-01-17eAllied Book Companyg665.60l0o658.00952 SHIpQ13593r2024-09-25 07:16:55w2024-09-25yBK c16092d16092